000 00759nam a2200205 a 4500
005 20210223120708.0
008 991125s1992 mx 000 0 spa u
020 _a9682926327
035 _aUPN01000005664
049 _aSEP
050 4 _aZ1427 CH2
_bB52
245 0 0 _aBibliografías básicas de los estados del Sur de la República Mexicana :
_bChiapas, Guerrero, Oaxaca /
_ccomp. Prudencio Moscoso Pastrana.
260 _aMéxico :
_bCNCA, Dirección General de Bibliotecas,
_c1992.
300 _a203 p.
440 0 _aBibliografías básicas de los estados de la República Mexicana : región sur
651 4 _aCHIAPAS -
_vBIBLIOGRAFIA
_913372
651 4 _aMEXICO -
_vBIBLIOGRAFIA
_922805
700 1 _aMoscoso Pastrana, Prudencio,
_ecomp.
905 _aLibro
999 _c5664
_d5664